=LDR 00000nam 2200000 4500 =001 INLIS000000000030943 =005 20251107082528 =035 ##$$a 0010-061300000030943 =008 251107###########################0#ind## =041 ##$$a ind =082 ##$$a 028.5 =090 ##$$a 028.5, Ami g =100 ##$$a Amijaya, Arleen =245 1#$$a Gerlies perfect porty I pista sempurna gertiel, /$c Arleen Amijaya ; ilustrator, Julialy hie ; editor, Imran Laha =260 ##$$a Jakarta :$b Bumi Aksara Group,$c 2008 =300 ##$$a 23 hlm, : $b ilus ; $c 16 cm =650 #4$$a Bacaan Anak-anak =850 ##$$a NBPNMAT =020 ##$$a 978-979-010-487-7 =084 ##$$a 028.5 AMI g =990 ##$$a 93140/BPAP-NTB/2014 =990 ##$$a 0001/BPAP-NTB/2015